Musikhandschriften mit Werken von Bach-Schülern in der Danziger Bibliothek der Polnischen Akademie der Wissenschaften
| Titel: | Musikhandschriften mit Werken von Bach-Schülern in der Danziger Bibliothek der Polnischen Akademie der Wissenschaften |
|---|---|
| Verfasser: | |
| In: |
Musikalische Beziehungen zwischen Mitteldeutschland und Danzig im 18. Jahrhundert, (2002), Seite 89-97, Noten alle Artikel anzeigen |
| Veröffentlicht: | 2002 |
| Format: | Aufsatz |
| Sprache: | Deutsch |
X
alg: 39159930 001A $01999:11-11-16 001B $01999:15-05-21 $t21:00:23.000 001D $01999:11-11-16 001U $0utf8 001X $00 002@ $0Aox 003@ $0391599305 007A $0391599305 $aHEB 007T $0Herd42525 010@ $ager 011@ $a2002 021A $aMusikhandschriften mit Werken von Bach-Schülern in der Danziger Bibliothek der Polnischen Akademie der Wissenschaften 028A $aKostka $dVioletta 031A $h89-97, Noten $j2002 039B $aIn $8--Aau--. Musikalische Beziehungen zwischen Mitteldeutschland und Danzig im 18. Jahrhundert. - Sinzig : Studio-Verl., 2002. - 312 S.. - Ill., Notenbeisp.. - ISBN 3-89564-074-3 $x200200000000000911 $9104601892 045F $a307.094382 $eDDC23BSB 045F/01 $a307.09 045F/03 $g4382 045F/03 $g43832 lok: 39159930 78 exp: 39159930 78 1 #EPN 201B/01 $017-09-18 $t22:44:41.000 201U/01 $0utf8 203@/01 $0787693634 208@/01 $a11-11-16 $be 209A/01 $a/ $f000 $x00 220C/01 $aTitelaufnehmer: ej;pg 244Z/01 $2Trx $#Prusy Wschodnie i Zachodnie $8--Trx--Ost- und Westpreußen $x01 $939113373X 244Z/01 $#Danzig $#Ville Libre de Danzig $#Dantzig $#Ville Libre de Dantzig $#Freistaat Danzig $#Gdańsk $#Freie Stadt Danzig $#Urząd Miejski w Gdańsku $#Gyddanzyc $#Gedanum $#Dantiscum $74011039-4 $8--Tg1--Danzig $x02 $9085022225 244Z/01 $#Bach, Johann Sebastian, 1685-1750 $#Bach $#Bach, G. S. $#Bach, Iogann Sebastʹjan $#Bach, Joh. Sebastian $#Bach, Giov. Sebast. $#Bach, Jean Sebastien $#Bach, Jean Sebastian $#Bach, J. Seb. $#Bach, Sebastiano $#Bach, John Sebastian $#Bach, Iogann S. $#Bach, Iogann Sebast'jan $#Bach, Iogann Sebastian $#Bach, Giovanni Sebastian $#Bach, Johan Sebastian $#Bach, Joannes Sebastianus $#Bach, Giov. Seb. $#Bach, Giovanni S. $#Bāḵ, Jōhān Sebaṣtī'ān $#Bach, I. S. $#Bach, J.-S. $#Bach, Giovanni Sebastiano $#Bach, Jean-Sebastien $#Bach, Sebastian $#Bach, Jan Sebastian $#Bach, J. S. $#Bach, Johann-Sebastian $#Bach, Jean S. $#Bach, Johannes S. $#Bach, Johannes Sebastian $#Bach, Joh. Seb. $#Bach, Joh.-Seb. $#Bach, Joh. Sebas. $#Bach, Johann Seb. $#Bach, Joh. Sebast. $#Bach, Johann S. $#Bach, Iogann Sebastjan $#Bach, Jean Sébastien $#Bach, Jean-Sébastien $#Bach, Johann $#Bakh, Iogann Sebastian $#Bach, Johann S. $#Bach, Jean S. $#Bach, Joh. Seb. $#Bach, Johannes S. $#Bach, Iogann Sebastʹjan $#Bach, Jean-Sébastian $711850553X $8--Tpz--Bach, Johann Sebastian$Z1685-1750 $x03 $908684668X 244Z/01 $2Trx $#muusika $#muzika bendras $#music $#zene általános $#muzyka ogólnie $#hudba $#hudba $8--Trx--Musik$gallgemein $x04 $9391358979 244Z/01 $2Trx $#heliloojad $#kompozitoriai $#composers $#zeneszerzök $#kompozytorzy $#skladatelia $#skladatelé $8--Trx--Komponisten $x05 $9391353837 244Z/01 $2Trx $#raamatukogud üldised $#bibliotekos bendras $#Libraries general $#könyvtárak általános $#biblioteki ogólnie $#knižnice všeobecne $#knihovny všeobecně $8--Trx--Bibliotheken$gallgemein $x06 $9391362151 244Z/01 $2Trx $#käsikirjad $#rankraščiai $#Manuscripts $#kéziratok $#rękopisy $#rukopisy $#rukopisy $8--Trx--Handschriften $x07 $9391380524 244Z/01 $2Trx $8--Trx--Einzelbeiträge $x08 $9391384570 245Z/01 $a13.03 $x01 245Z/01 $a11.09 $x02 247C/01 $82080>Marburg/Lahn, Herder-Institut, Forschungsbibliothek, Bibliographieportal $9336309341
| LEADER | 00000caa a22000002c 4500 | ||
|---|---|---|---|
| 001 | 391599305 | ||
| 003 | DE-603 | ||
| 005 | 20210515210023.0 | ||
| 007 | tu | ||
| 008 | 161111s2002 xx |||| | u00||u|ger c | ||
| 035 | |a (DE-599)HEB391599305 | ||
| 040 | |a DE-603 |b ger |c DE-603 |d DE-603 | ||
| 041 | |a ger | ||
| 082 | 0 | 4 | |8 1\u |a 307.094382 |q DE-101 |2 23/BSB |
| 085 | |8 1\u |b 307.09 | ||
| 085 | |8 1\u |z 2 |s 4382 | ||
| 085 | |8 1\u |z 2 |s 43832 | ||
| 100 | 1 | |a Kostka, Violetta | |
| 245 | 0 | 0 | |a Musikhandschriften mit Werken von Bach-Schülern in der Danziger Bibliothek der Polnischen Akademie der Wissenschaften |
| 264 | 0 | |c 2002 | |
| 773 | 0 | 8 | |i In |t Musikalische Beziehungen zwischen Mitteldeutschland und Danzig im 18. Jahrhundert |d Sinzig : Studio-Verl., 2002 |h 312 S., Ill., Notenbeisp. |z 3895640743 |g (2002), Seite 89-97, Noten |w (DE-603)104601892 |
| 924 | 0 | |9 2080 |a (DE-603)787693634 |b DE-2080 |c HES |d d |g / | |


